[Event "2012 Alberta Open"]
[Site "Calgary"]
[Date "2012.10.06"]
[Round "2"]
[White "Gold, Itohan"]
[Black "McKay, Tom"]
[Result "1/2-1/2"]
[WhiteElo "2086"]
[BlackElo "1505"]
[PlyCount "135"]
[EventDate "2012.10.06"]
[EventType "swiss"]
[EventRounds "6"]
[EventCountry "CAN"]

1. e4 c5 2. Nf3 d6 3. d4 cxd4 4. Nxd4 Nf6 5. Nc3 a6 6. Rg1 e5 7. Nb3 Nc6 8. g4
h6 9. h4 Be6 10. g5 hxg5 11. hxg5 Nd7 12. g6 f6 13. Nd5 Rh4 14. Bg2 Nc5 15. Be3
Nd7 16. Qd2 Rg4 17. O-O-O Rxg6 18. Bf3 Rxg1 19. Rxg1 Bf7 20. Qd1 Bxd5 21. Qxd5
Qc7 22. Kb1 O-O-O 23. Rd1 Kb8 24. Nd2 Nb6 25. Qb3 Nd4 26. Bxd4 exd4 27. Qd3 Nd7
28. Qxd4 Ne5 29. Bg2 Rc8 30. c3 Qc5 31. Bh3 Rc7 32. Nb3 Qxd4 33. Nxd4 Re7 34.
Ne6 Re8 35. Nxf8 Rxf8 36. Rxd6 Kc7 37. Rd1 Rh8 38. Be6 g5 39. a4 Rh2 40. Rd2
Rh4 41. Bf5 Rh8 42. a5 Rd8 43. Rxd8 Kxd8 44. Kc2 Kc7 45. b4 b6 46. axb6+ Kxb6
47. Kb3 a5 48. bxa5+ Kxa5 49. Kc2 Kb5 50. Bh3 Kc5 51. Kb3 Nf3 52. Bg2 Ne5 53.
Bf1 Nf3 54. Bd3 Ne5 55. Be2 Nc6 56. Kc2 Ne5 57. Kd2 Nc6 58. Ke3 Ne5 59. f4 Nf7
60. fxg5 fxg5 61. Bg4 Ne5 62. Be6 Ng6 63. Bc8 Ne5 64. Kf2 Kd6 65. Ke2 Kc5 66.
Ke3 Ng6 67. Ke2 Ne5 68. Bf5 1/2-1/2

[Event "2012 Alberta Open"]
[Site "Calgary"]
[Date "2012.10.06"]
[Round "2"]
[White "Jackiw, Mark"]
[Black "Li, Zeling"]
[Result "1-0"]
[WhiteElo "1498"]
[BlackElo "936"]
[PlyCount "41"]
[EventDate "2012.10.06"]
[EventType "swiss"]
[EventRounds "6"]
[EventCountry "CAN"]

1. c4 Nf6 2. f4 Nc6 3. Nf3 d6 4. Nc3 e5 5. e4 Bg4 6. Be2 Nh5 7. O-O Nxf4 8. d4
Bxf3 9. Bxf3 Nxd4 10. Bxf4 Nxf3+ 11. Qxf3 exf4 12. Qxf4 Qd7 13. Rad1 g6 14. Qf6
Rg8 15. Qh4 Rh8 16. e5 Qd8 17. Qf4 Qd7 18. Qf6 Rg8 19. Rfe1 Be7 20. exd6 cxd6
21. Nd5 1-0

[Event "2012 Alberta Open"]
[Site "Calgary"]
[Date "2012.10.06"]
[Round "2"]
[White "Lee, Nicholas"]
[Black "Zhao, Ian"]
[Result "1-0"]
[WhiteElo "1618"]
[BlackElo "1103"]
[PlyCount "141"]
[EventDate "2012.10.06"]
[EventType "swiss"]
[EventRounds "6"]
[EventCountry "CAN"]

1. e4 e5 2. Nf3 Nc6 3. d4 exd4 4. Nxd4 Bc5 5. c3 Qf6 6. Be3 Nge7 7. Bc4 d6 8.
O-O O-O 9. Na3 a6 10. Nac2 Be6 11. Nxe6 fxe6 12. Bxc5 dxc5 13. Qd7 Ne5 14.
Qxe6+ Kh8 15. Qxf6 Rxf6 16. Be2 Rf4 17. f3 b5 18. g3 Rf6 19. f4 N5c6 20. Rad1
Rd6 21. e5 Rd5 22. Ne3 Rdd8 23. f5 Nxe5 24. Kg2 c4 25. Bf3 Nxf3 26. Kxf3 Rxd1
27. Rxd1 Rf8 28. Ke4 g6 29. g4 gxf5+ 30. gxf5 Kg7 31. Rd7 Rf7 32. Rxc7 Ng8 33.
Rxf7+ Kxf7 34. Kd5 Ne7+ 35. Kc5 Kf6 36. Kb6 Nxf5 37. Nxf5 Kxf5 38. Kxa6 h5 39.
Kxb5 h4 40. a4 h3 41. a5 Kg4 42. a6 Kf3 43. a7 Kg2 44. a8=Q+ Kxh2 45. Kxc4 Kg1
46. Kd3 h2 47. Ke2 h1=Q 48. Qg8+ Qg2+ 49. Qxg2+ Kxg2 50. b4 Kg3 51. b5 Kf4 52.
c4 Ke5 53. c5 Kd5 54. c6 Kd6 55. Kf3 Kc7 56. Ke4 Kb6 57. Kd5 Kc7 58. b6+ Kxb6
59. Kd6 Ka7 60. c7 Kb7 61. Kd7 Kb6 62. c8=Q Kb5 63. Qc6+ Kb4 64. Kd6 Kb3 65.
Kd5 Kb4 66. Qc4+ Ka5 67. Qb3 Ka6 68. Kc6 Ka7 69. Qb6+ Ka8 70. Qa6+ Kb8 71. Qb7#
1-0

[Event "2012 Alberta Open"]
[Site "Calgary"]
[Date "2012.10.06"]
[Round "2"]
[White "Ma, Bryan"]
[Black "Taranik, Alexey"]
[Result "1/2-1/2"]
[WhiteElo "827"]
[BlackElo "1591"]
[PlyCount "57"]
[EventDate "2012.10.06"]
[EventType "swiss"]
[EventRounds "6"]
[EventCountry "CAN"]

1. d4 d5 2. c4 e6 3. Nc3 Nf6 4. Bg5 Nbd7 5. Nf3 c6 6. e3 Qa5 7. Bxf6 Nxf6 8.
Qa4 Qxa4 9. Nxa4 dxc4 10. Nc3 b5 11. a4 Bb4 12. Be2 Ne4 13. Rc1 a6 14. O-O Bxc3
15. bxc3 Bb7 16. Ne5 O-O 17. Bf3 Nd2 18. Rfd1 Nxf3+ 19. Nxf3 Rfd8 20. Ng5 c5
21. axb5 axb5 22. Rb1 cxd4 23. exd4 Bc6 24. f3 Ra3 25. Rdc1 Rd5 26. Ne4 e5 27.
Rd1 exd4 28. Rxd4 Rxd4 29. cxd4 1/2-1/2

[Event "2012 Alberta Open"]
[Site "Calgary"]
[Date "2012.10.06"]
[Round "2"]
[White "Milne, Arthur"]
[Black "Scholz, Mike"]
[Result "0-1"]
[WhiteElo "1775"]
[BlackElo "1303"]
[PlyCount "87"]
[EventDate "2012.10.06"]
[EventType "swiss"]
[EventRounds "6"]
[EventCountry "CAN"]

1. f4 d5 2. b3 Nc6 3. Bb2 e6 4. Nf3 Nf6 5. e3 Be7 6. Bb5 O-O 7. Bxc6 bxc6 8.
O-O Ba6 9. d3 c5 10. c4 dxc4 11. bxc4 Bb7 12. Nc3 Ng4 13. Qe1 Bxf3 14. gxf3 Bh4
15. Qe2 Nh6 16. Rab1 Bf6 17. Ne4 Bxb2 18. Rxb2 Qe7 19. Rfb1 e5 20. fxe5 Qxe5
21. Rb5 Qe7 22. Nxc5 Qg5+ 23. Kh1 c6 24. Ra5 Rfe8 25. Re1 Re7 26. Nb3 Qf6 27.
Qf2 Rae8 28. e4 Ng4 29. Qg3 Ne5 30. f4 Nxd3 31. Qxd3 Qxf4 32. Rf1 Qxe4+ 33.
Qxe4 Rxe4 34. Rxa7 f6 35. Rg1 g6 36. Nc5 Rxc4 37. Nd7 Rf4 38. Rb1 Kg7 39. Rb2
Re7 40. Rd2 c5 41. a4 Rd4 42. Rxd4 cxd4 43. Rc7 d3 44. Rc1 0-1

[Event "2012 Alberta Open"]
[Site "Calgary"]
[Date "2012.10.06"]
[Round "2"]
[White "Schibler, Jordan"]
[Black "Kostadinov, Georgi"]
[Result "0-1"]
[WhiteElo "1844"]
[BlackElo "2121"]
[PlyCount "98"]
[EventDate "2012.10.06"]
[EventType "swiss"]
[EventRounds "6"]
[EventCountry "CAN"]

1. d4 c5 2. d5 f5 3. c4 Nf6 4. Nc3 g6 5. Qc2 Bg7 6. Nf3 Na6 7. Bd2 d6 8. e3 O-O
9. Be2 Bd7 10. a3 Rb8 11. O-O Nc7 12. Rab1 a6 13. b4 cxb4 14. Rxb4 b5 15. Nd4
Rc8 16. Qa2 Kh8 17. cxb5 axb5 18. Ndxb5 Nxb5 19. Bxb5 Rc5 20. Bxd7 Nxd7 21. Rc4
Qc8 22. Rxc5 Qxc5 23. Ne2 Ra8 24. Bc1 Kg8 25. Nf4 Bf6 26. Rd1 Nb6 27. Ne6 Qc3
28. Qd2 Na4 29. Nf4 Rc8 30. Ne2 Qb3 31. Qd3 Nc3 32. Nxc3 Rxc3 33. Qf1 Qc2 34.
e4 fxe4 35. Bh6 Bg7 36. Rc1 Bxh6 37. Rxc2 Rxc2 38. f4 e3 39. g3 Bg7 40. Qd3 Rd2
41. Qb5 Kf7 42. Qb4 Rd1+ 43. Kg2 e2 44. Kf2 e1=Q+ 45. Qxe1 Bd4+ 46. Ke2 Rxe1+
47. Kxe1 e5 48. fxe5 dxe5 49. Ke2 e4 0-1

[Event "2012 Alberta Open"]
[Site "Calgary"]
[Date "2012.10.06"]
[Round "2"]
[White "Toth, Brian"]
[Black "Abdelrhman, Hamid"]
[Result "0-1"]
[WhiteElo "1857"]
[BlackElo "2188"]
[PlyCount "70"]
[EventDate "2012.10.06"]
[EventType "swiss"]
[EventRounds "6"]
[EventCountry "CAN"]

1. c4 Nf6 2. g3 e5 3. Bg2 Bc5 4. Nc3 O-O 5. e3 Nc6 6. Nge2 d6 7. O-O Bf5 8. d4
exd4 9. exd4 Bb6 10. h3 Qd7 11. Kh2 d5 12. cxd5 Nb4 13. Bg5 Nfxd5 14. a3 Nxc3
15. bxc3 Nc6 16. Qa4 Rfe8 17. Rfe1 h6 18. Be3 Be4 19. Nf4 Bxg2 20. Kxg2 Qf5 21.
Qd1 Rad8 22. Qb1 Qa5 23. Qb3 Ne7 24. Rad1 Nf5 25. Bd2 Rxe1 26. Bxe1 Re8 27. Bd2
c6 28. Nd3 Bc7 29. Re1 Rxe1 30. Bxe1 b5 31. d5 Qb6 32. Bd2 a5 33. g4 Nh4+ 34.
Kf1 Nf3 35. Be3 Qxe3 0-1

[Event "2012 Alberta Open"]
[Site "Calgary"]
[Date "2012.10.06"]
[Round "2"]
[White "Viminitz, Paul"]
[Black "Wood, Deweese"]
[Result "1-0"]
[WhiteElo "1533"]
[BlackElo "1080"]
[PlyCount "89"]
[EventDate "2012.10.06"]
[EventType "swiss"]
[EventRounds "6"]
[EventCountry "CAN"]

1. Nf3 Nc6 2. g3 Nf6 3. Bg2 e5 4. d3 d5 5. b3 Bg4 6. O-O Bd6 7. Bb2 O-O 8. Nbd2
Re8 9. c3 b5 10. Qc2 b4 11. c4 d4 12. h3 Be6 13. Ng5 Qd7 14. Nde4 Nxe4 15. Nxe6
Nc3 16. Ng5 f6 17. Ne4 Rab8 18. Nxc3 dxc3 19. Bxc6 Qxc6 20. Bc1 Bc5 21. a3 a5
22. axb4 axb4 23. Be3 Bd4 24. Ra5 Bxe3 25. fxe3 Qb6 26. Rfa1 Qxe3+ 27. Kg2 Qd2
28. Qxd2 cxd2 29. Rd1 e4 30. Rxd2 Rb6 31. e3 Rd6 32. d4 h6 33. Rb5 g5 34. Rxb4
Kg7 35. g4 c5 36. Rb7+ Kg6 37. d5 Re5 38. Rb5 f5 39. gxf5+ Rxf5 40. Rxc5 Rb6
41. Rc6+ Rf6 42. Rxf6+ Rxf6 43. c5 Ra6 44. d6 Rc6 45. b4 1-0

[Event "2012 Alberta Open"]
[Site "Calgary"]
[Date "2012.10.06"]
[Round "2"]
[White "Yearwood, Roy"]
[Black "Wallbank, Andrew"]
[Result "1-0"]
[WhiteElo "2129"]
[BlackElo "1808"]
[PlyCount "83"]
[EventDate "2012.10.06"]
[EventType "swiss"]
[EventRounds "6"]
[EventCountry "CAN"]

1. Nf3 Nf6 2. b4 g6 3. Bb2 Bg7 4. d4 d5 5. Nbd2 O-O 6. c4 c6 7. e3 Bf5 8. h3
Na6 9. a3 Nc7 10. g4 Be4 11. g5 Bxf3 12. Nxf3 Ne4 13. Qc2 f5 14. c5 f4 15. Bg2
Ne6 16. h4 fxe3 17. fxe3 Qc7 18. O-O-O a5 19. Bh3 Rxf3 20. Bxe6+ Kh8 21. h5
Nxg5 22. Bg4 Rxe3 23. Qd2 Qf4 24. hxg6 h6 25. Rdf1 Qe4 26. Bf5 Nf3 27. Bxe4
Nxd2 28. Kxd2 Rxe4 29. Rf7 Rf8 30. Rxf8+ Bxf8 31. bxa5 Kg7 32. Rf1 Re6 33. Bc3
Rxg6 34. Rb1 Rg2+ 35. Kd3 Rg3+ 36. Kc2 Rg2+ 37. Bd2 Rg3 38. Rxb7 Rxa3 39. Kb2
Ra4 40. Bc3 h5 41. Kb3 Rc4 42. a6 1-0

[Event "2012 Alberta Open"]
[Site "Calgary"]
[Date "2012.10.06"]
[Round "2"]
[White "Zhang, Xuyuan"]
[Black "Palardy, Patrick"]
[Result "0-1"]
[WhiteElo "948"]
[BlackElo "1699"]
[PlyCount "62"]
[EventDate "2012.10.06"]
[EventType "swiss"]
[EventRounds "6"]
[EventCountry "CAN"]

1. e4 c6 2. f4 d5 3. Bd3 dxe4 4. Bxe4 Nf6 5. Bf3 Bf5 6. d4 e6 7. Ne2 Nbd7 8.
O-O Be7 9. Be3 Qb6 10. b3 Nd5 11. Bf2 Qc7 12. c4 Nxf4 13. Bg3 Nxe2+ 14. Qxe2
Qb6 15. Rd1 O-O 16. Nc3 Rfe8 17. Be4 Bxe4 18. Qxe4 c5 19. Na4 Qc6 20. Qxc6 bxc6
21. Kf1 cxd4 22. Rxd4 Bf6 23. Rxd7 Bxa1 24. Rd1 Bf6 25. Re1 Rad8 26. Nc5 Bd4
27. Ne4 c5 28. Bh4 f6 29. Bg3 e5 30. Rd1 h6 31. a3 f5 0-1

[Event "2012 Alberta Open"]
[Site "Calgary"]
[Date "2012.10.07"]
[Round "3"]
[White "Daniluk, Jim"]
[Black "Harris, Adam"]
[Result "1-0"]
[WhiteElo "2007"]
[BlackElo "1805"]
[PlyCount "105"]
[EventDate "2012.10.06"]
[EventType "swiss"]
[EventRounds "6"]
[EventCountry "CAN"]

1. d4 Nf6 2. c4 e6 3. Nf3 Bb4+ 4. Nbd2 O-O 5. g3 c5 6. dxc5 Bxc5 7. Bg2 d5 8.
O-O Nc6 9. a3 a5 10. Qc2 Qe7 11. b3 e5 12. cxd5 Nxd5 13. Ng5 Nf6 14. Nde4 Nxe4
15. Nxe4 Bd4 16. Ng5 g6 17. Rb1 Bd7 18. e3 Bb6 19. Ne4 Rac8 20. Nc3 Be6 21. Qe2
Rfd8 22. Qb5 Ba7 23. Bxc6 Rxc6 24. Bb2 Rc5 25. Qe2 Bxb3 26. Ne4 Bc4 27. Qf3 Rc6
28. Rfd1 Bd3 29. Rbc1 f5 30. Nc3 Bb8 31. e4 Rcd6 32. Nd5 Rxd5 33. exd5 e4 34.
Qe3 Qf7 35. Qd4 Kf8 36. Qb6 Qe7 37. Bf6 Qd6 38. Qxd8+ Qxd8 39. Bxd8 Bd6 40. Bb6
Ke7 41. Bc5 b5 42. Rxd3 exd3 43. Kf1 d2 44. Bxd6+ Kxd6 45. Rd1 Kxd5 46. Ke2 Kc4
47. Kxd2 Kb3 48. Rb1+ Kc4 49. Kc2 b4 50. axb4 axb4 51. Rd1 h5 52. Rd6 g5 53.
Rf6 1-0

[Event "2012 Alberta Open"]
[Site "Calgary"]
[Date "2012.10.07"]
[Round "3"]
[White "Karmali, Hafiz"]
[Black "Dunn, Garth"]
[Result "1-0"]
[WhiteElo "1905"]
[BlackElo "1706"]
[PlyCount "55"]
[EventDate "2012.10.06"]
[EventType "swiss"]
[EventRounds "6"]
[EventCountry "CAN"]

1. e4 c5 2. Nc3 Nc6 3. f4 e6 4. Nf3 a6 5. g3 Bd6 6. e5 Bc7 7. Ne4 Nge7 8. Nxc5
O-O 9. d4 d6 10. exd6 Bxd6 11. Ne4 Bc7 12. c3 b5 13. Bd3 f6 14. O-O Qe8 15. Nh4
e5 16. fxe5 fxe5 17. Rxf8+ Qxf8 18. Ng5 g6 19. Nxh7 Kxh7 20. Qh5+ Kg8 21. Nxg6
Qg7 22. Bh6 Bg4 23. Qxg4 Qxh6 24. Nxe7+ Kf7 25. Nxc6 Qe3+ 26. Kg2 Qxd3 27. Rf1+
Ke8 28. Qe6# 1-0

[Event "2012 Alberta Open"]
[Site "Calgary"]
[Date "2012.10.07"]
[Round "3"]
[White "Li, Zeling"]
[Black "Bulga, Tamir"]
[Result "1-0"]
[WhiteElo "936"]
[BlackElo "1294"]
[PlyCount "67"]
[EventDate "2012.10.06"]
[EventType "swiss"]
[EventRounds "6"]
[EventCountry "CAN"]

1. e4 c5 2. c3 e6 3. Nf3 Nc6 4. d4 cxd4 5. cxd4 d6 6. Nc3 Nf6 7. Bb5 Bd7 8. e5
Nd5 9. Nxd5 exd5 10. Bxc6 bxc6 11. Bg5 Be7 12. Qd2 dxe5 13. dxe5 Rb8 14. O-O
O-O 15. b3 Bxg5 16. Qxg5 Re8 17. Qg3 c5 18. Rfd1 Bc6 19. Nh4 Qe7 20. Re1 Bd7
21. Rad1 d4 22. Rd3 f6 23. f4 fxe5 24. Rxe5 Qf8 25. Rf3 Rxe5 26. fxe5 Qe7 27.
e6 Rf8 28. exd7 Rd8 29. Nf5 Qxd7 30. Nh6+ Kh8 31. Nf7+ Kg8 32. Nxd8 Qxd8 33.
Qg4 Qe7 34. Qc8+ 1-0

[Event "2012 Alberta Open"]
[Site "Calgary"]
[Date "2012.10.07"]
[Round "3"]
[White "Louise, Samer"]
[Black "Beaudin, Jesse"]
[Result "0-1"]
[WhiteElo "1795"]
[BlackElo "1963"]
[PlyCount "96"]
[EventDate "2012.10.06"]
[EventType "swiss"]
[EventRounds "6"]
[EventCountry "CAN"]

1. c4 c5 2. Nf3 Nc6 3. g3 g6 4. Bg2 Bg7 5. O-O f5 6. e3 e5 7. Nc3 Nge7 8. b3
O-O 9. Bb2 d6 10. a3 h6 11. Qc2 Be6 12. Rad1 Qb6 13. Na4 Qc7 14. d4 cxd4 15.
exd4 e4 16. Ne1 d5 17. f3 Na5 18. Nc5 Bf7 19. fxe4 dxe4 20. Bc3 b6 21. Bxa5
bxa5 22. b4 Rfd8 23. d5 axb4 24. axb4 Qb6 25. Qd2 a5 26. Nc2 Nc6 27. Qf2 Nxb4
28. Nxb4 Qxb4 29. Rc1 Rac8 30. Nxe4 Rxc4 31. Rxc4 Qxc4 32. Nd2 Qd3 33. Be4 Qd4
34. Bc2 Qxd5 35. Nf3 Qc6 36. h4 Rc8 37. Bb1 Qc5 38. Kh2 Qxf2+ 39. Rxf2 Rc1 40.
Ba2 a4 41. Bxf7+ Kxf7 42. Ra2 Rc3 43. Nd2 Be5 44. Nf1 a3 45. Kg2 Rb3 46. Kh3 h5
47. Re2 Kf6 48. Ne3 Rxe3 0-1

[Event "2012 Alberta Open"]
[Site "Calgary"]
[Date "2012.10.07"]
[Round "3"]
[White "Migrino, Quirck"]
[Black "Zhang, Xuyuan"]
[Result "1/2-1/2"]
[WhiteElo "1202"]
[BlackElo "948"]
[PlyCount "59"]
[EventDate "2012.10.06"]
[EventType "swiss"]
[EventRounds "6"]
[EventCountry "CAN"]

1. e4 e5 2. Nf3 Nf6 3. Nc3 Nc6 4. Bc4 d6 5. O-O Be7 6. b3 O-O 7. Bb2 Bd7 8. Re1
b6 9. Bf1 h6 10. d3 Bg4 11. Nd5 Nxd5 12. exd5 Nd4 13. Bxd4 exd4 14. Qe2 Re8 15.
h3 Bh5 16. Qd1 Qd7 17. Be2 Bf6 18. Nd2 Bxe2 19. Rxe2 Rxe2 20. Qxe2 Re8 21. Ne4
Be5 22. Re1 Kf8 23. Kf1 a6 24. a4 a5 25. Qd2 g6 26. Qxh6+ Bg7 27. Qf4 f5 28.
Ng5 Rxe1+ 29. Kxe1 Bh6 30. Ne6+ 1/2-1/2

[Event "2012 Alberta Open"]
[Site "Calgary"]
[Date "2012.10.07"]
[Round "3"]
[White "Shi, Diwen"]
[Black "Viminitz, Paul"]
[Result "1-0"]
[WhiteElo "1844"]
[BlackElo "1533"]
[PlyCount "39"]
[EventDate "2012.10.06"]
[EventType "swiss"]
[EventRounds "6"]
[EventCountry "CAN"]

1. e4 d6 2. d4 Nf6 3. Nc3 g6 4. f3 Bg7 5. Be3 O-O 6. Qd2 b6 7. Bh6 e5 8. Bxg7
Kxg7 9. d5 Bb7 10. h4 h5 11. O-O-O Nbd7 12. Be2 Rh8 13. Nh3 Nh7 14. Nf2 g5 15.
g4 f6 16. gxh5 gxh4 17. Rdg1+ Kf7 18. Qh6 Ng5 19. Qg6+ Ke7 20. Rxg5 1-0

[Event "2012 Edmonton Fall Sectional D"]
[Site "Edmonton"]
[Date "2012.10.26"]
[Round "1"]
[White "Arzumanyan, Armine"]
[Black "Almanza, Bismarck"]
[Result "1-0"]
[WhiteElo "1415"]
[BlackElo "1023"]
[PlyCount "65"]
[EventDate "2012.10.26"]
[EventType "tourn"]
[EventRounds "5"]
[EventCountry "CAN"]

1. e4 e6 2. Nf3 d6 3. d4 Be7 4. Bc4 Bd7 5. Nc3 a6 6. a4 Nc6 7. d5 Na5 8. Ba2 b6
9. b4 Nb7 10. e5 dxe5 11. dxe6 fxe6 12. Nxe5 Bxb4 13. Qh5+ g6 14. Qf3 Bxc3+ 15.
Qxc3 Nf6 16. Nxd7 Kxd7 17. Bg5 Rf8 18. O-O-O+ Nd6 19. Rhe1 c6 20. Rxe6 Nd5 21.
Rxd6+ Kxd6 22. Qg3+ Kd7 23. Bxd8 Raxd8 24. Bxd5 cxd5 25. Rxd5+ Kc8 26. Qc3+ Kb8
27. Qe5+ Kc8 28. Rxd8+ Rxd8 29. Qe6+ Kc7 30. Qf7+ Rd7 31. Qg8 Kb7 32. c3 Rc7
33. Kc2 1-0

[Event "2012 Edmonton Fall Sectional D"]
[Site "Edmonton"]
[Date "2012.10.27"]
[Round "2"]
[White "Almanza, Bismarck"]
[Black "Shrestha, Prayus"]
[Result "0-1"]
[WhiteElo "979"]
[BlackElo "1023"]
[PlyCount "116"]
[EventDate "2012.10.26"]
[EventType "tourn"]
[EventRounds "5"]
[EventCountry "CAN"]

1. e4 e5 2. d3 Nc6 3. Be3 h6 4. Nc3 Nf6 5. Be2 Bb4 6. a3 Ba5 7. b4 Bb6 8. Qd2
Bxe3 9. Qxe3 Nd4 10. Rc1 b6 11. h3 Ba6 12. Nf3 c5 13. Nxe5 Qe7 14. Nc4 O-O 15.
O-O b5 16. e5 bxc4 17. exf6 Qxe3 18. fxe3 Nxe2+ 19. Nxe2 cxd3 20. cxd3 Bxd3 21.
Rf2 cxb4 22. axb4 Rab8 23. Rd1 Bxe2 24. Rxe2 Rxb4 25. fxg7 Kxg7 26. Rxd7 a5 27.
Ra7 a4 28. Kf2 Re8 29. Ra2 Rb3 30. R2xa4 Rbxe3 31. Rg4+ Kf6 32. Ra6+ R3e6 33.
Rf4+ Kg5 34. Rxe6 fxe6 35. Rg4+ Kf5 36. Kf3 e5 37. Re4 Re6 38. h4 h5 39. g4+
hxg4+ 40. Rxg4 e4+ 41. Kg3 e3 42. Kf3 e2 43. Rf4+ Kg6 44. Rg4+ Kh7 45. Rg1 e1=Q
46. Rxe1 Rxe1 47. Kg4 Kh6 48. h5 Rh1 49. Kf5 Rxh5+ 50. Kf4 Kg6 51. Kg4 Rf5 52.
Kg3 Kg5 53. Kh3 Kf4 54. Kh4 Rg5 55. Kh3 Rg8 56. Kh2 Kf3 57. Kh1 Kf2 58. Kh2
Rh8# 0-1

[Event "2012 Edmonton Fall Sectional D"]
[Site "Edmonton"]
[Date "2012.10.27"]
[Round "2"]
[White "Frier, Ken"]
[Black "Arzumanyan, Armine"]
[Result "1-0"]
[WhiteElo "1408"]
[BlackElo "1415"]
[PlyCount "89"]
[EventDate "2012.10.26"]
[EventType "tourn"]
[EventRounds "5"]
[EventCountry "CAN"]

1. d4 d5 2. Nf3 c5 3. e3 Nf6 4. b3 Ne4 5. Bb2 Bg4 6. Be2 Qa5+ 7. Nbd2 Nc6 8.
O-O Nc3 9. Bxc3 Qxc3 10. dxc5 e5 11. a3 e4 12. Nd4 Nxd4 13. Bxg4 f5 14. Bh3 Nb5
15. Bxf5 Bxc5 16. a4 Nd6 17. Be6 Qe5 18. Bg4 h5 19. Be2 O-O-O 20. Qc1 Nf5 21.
c4 d4 22. exd4 Bxd4 23. Ra2 e3 24. Nf3 exf2+ 25. Kh1 Qf6 26. Nxd4 Nxd4 27. Rxf2
Qe5 28. Qf1 Nxb3 29. Bf3 Nc5 30. h3 g5 31. Bd5 g4 32. h4 Qg3 33. Rf7 Qxh4+ 34.
Kg1 Qg5 35. Rb2 b6 36. a5 Qe3+ 37. Kh1 Qe5 38. axb6 axb6 39. Rxb6 Rd7 40. Rc6+
Kb8 41. Qb1+ Rb7 42. Rb6 g3 43. Rbxb7+ Kc8 44. Ra7 Nd7 45. Qb7+ 1-0

[Event "2012 Edmonton Fall Sectional D"]
[Site "Edmonton"]
[Date "2012.10.28"]
[Round "4"]
[White "Arzumanyan, Armine"]
[Black "Shrestha, Prayus"]
[Result "1-0"]
[WhiteElo "1415"]
[BlackElo "979"]
[PlyCount "79"]
[EventDate "2012.10.26"]
[EventType "tourn"]
[EventRounds "5"]
[EventCountry "CAN"]

1. e4 e5 2. Nf3 Nc6 3. Bb5 Bc5 4. Bxc6 dxc6 5. d3 h6 6. h3 Nf6 7. O-O Be6 8.
Nxe5 Bd6 9. Nc4 Bxc4 10. dxc4 Be5 11. f3 O-O 12. c3 Qxd1 13. Rxd1 Rad8 14. Rd2
Bf4 15. Rxd8 Bxc1 16. Rxf8+ Kxf8 17. a3 Bxb2 18. Ra2 Bc1 19. Kf2 Bf4 20. g3 Bd6
21. Rd2 b6 22. a4 a6 23. Re2 Nd7 24. f4 b5 25. cxb5 axb5 26. a5 Nb8 27. e5 Bc5+
28. Kf3 Na6 29. e6 f6 30. f5 Be7 31. Rd2 c5 32. Rd7 b4 33. c4 Bd6 34. Kg4 b3
35. Kh5 Bxg3 36. Kg6 Bd6 37. Rxg7 Be7 38. Rh7 Ke8 39. Rh8+ Bf8 40. Kxf6 1-0

[Event "2012 Edmonton Fall Sectional D"]
[Site "Edmonton"]
[Date "2012.10.28"]
[Round "4"]
[White "Kubik, Cameron"]
[Black "Almanza, Bismarck"]
[Result "0-1"]
[WhiteElo "1120"]
[BlackElo "1023"]
[PlyCount "64"]
[EventDate "2012.10.26"]
[EventType "tourn"]
[EventRounds "5"]
[EventCountry "CAN"]

1. d4 d5 2. Nc3 e6 3. Nf3 c5 4. e3 c4 5. Be2 Nf6 6. h3 Nc6 7. a4 Bb4 8. Bd2 a6
9. Rb1 Bd7 10. b3 Na5 11. Na2 Bxd2+ 12. Nxd2 cxb3 13. cxb3 Rc8 14. O-O O-O 15.
Bd3 Re8 16. Re1 e5 17. g4 e4 18. Be2 h6 19. Nf1 Rc6 20. Nb4 Rd6 21. Nh2 Nh7 22.
Na2 Nc6 23. Qd2 Qh4 24. Bf1 Ng5 25. f3 exf3 26. Qf2 Nxh3+ 27. Bxh3 Qxh3 28. Rb2
Rg6 29. Kh1 Rxg4 30. Rf1 Bf5 31. Qxf3 Be4 32. Rbf2 Bxf3+ 0-1

[Event "WYCC U14"]
[Site "Maribor"]
[Date "2012.11.15"]
[Round "8.8"]
[White "Wang, Richard"]
[Black "Xu, Minghui"]
[Result "1/2-1/2"]
[WhiteElo "2356"]
[BlackElo "2112"]
[PlyCount "144"]
[EventDate "2012.11.08"]
[EventType "swiss"]
[EventRounds "11"]
[EventCountry "SLO"]

1. d4 d5 2. c4 dxc4 3. Nf3 Nf6 4. e3 e6 5. Bxc4 c5 6. O-O a6 7. Bb3 Nc6 8. Nc3
cxd4 9. exd4 Be7 10. Bg5 O-O 11. Qd2 b5 12. d5 exd5 13. Nxd5 Nxd5 14. Bxd5 Bxg5
15. Nxg5 Ra7 16. Nxh7 Rd7 17. Nxf8 Rxd5 18. Qc2 Ne7 19. Rad1 Kxf8 20. Rxd5 Nxd5
21. Rd1 Be6 22. Qc6 Qa5 23. a3 g6 24. Qd6+ Kg7 25. Qe5+ Kg8 26. h3 Qd8 27. Rd4
Kf8 28. h4 a5 29. g3 Qc7 30. Rxd5 Qc1+ 31. Kg2 Bxd5+ 32. Qxd5 Qxb2 33. Qd8+ Kg7
34. Qxa5 Qb3 35. Qb4 Qd5+ 36. Kh2 Qa2 37. Qc5 Qb1 38. Qe5+ Kg8 39. Kg2 Qd3 40.
Qe3 Qd5+ 41. f3 Qa2+ 42. Kh3 Qb1 43. Qe8+ Kg7 44. Qe5+ Kg8 45. Qc5 Qd3 46. Kg2
Qb1 47. g4 Qb2+ 48. Kg3 Qe2 49. Qc3 Qf1 50. Kf4 Qe2 51. Qe3 Qc4+ 52. Kg3 Qd5
53. Qc3 Qd6+ 54. f4 Kh7 55. Qb3 Kg7 56. Qc3+ Kh7 57. h5 g5 58. Qc2+ Kg7 59.
Qb2+ f6 60. Qb4 Qd3+ 61. Kf2 Qc2+ 62. Ke3 Qc1+ 63. Ke4 Qxf4+ 64. Kd5 Qe5+ 65.
Kc6 f5 66. gxf5 Qxf5 67. Qe7+ Kh6 68. Qe8 g4 69. Qh8+ Kg5 70. Kb7 Qf7+ 71. Ka8
Qxh5 72. Qe5+ Kg6 1/2-1/2

[Event "ECC April Open"]
[Site "Edmonton"]
[Date "2013.04.04"]
[Round "1"]
[White "Wadugodapitiya , Kaushal"]
[Black "Smith, Kevin"]
[Result "1/2-1/2"]
[WhiteElo "1614"]
[BlackElo "1814"]
[PlyCount "50"]
[EventDate "2013.04.04"]
[EventType "swiss"]
[EventRounds "4"]
[EventCountry "CAN"]

1. Nf3 d5 2. d4 Nf6 3. c4 e6 4. Nc3 c6 5. e3 Bd6 6. Bd3 dxc4 7. Bxc4 b5 8. Bd3
Nbd7 9. O-O O-O 10. Re1 Bb7 11. e4 e5 12. Bg5 b4 13. Ne2 exd4 14. Nexd4 Ne5 15.
Bf1 c5 16. Nf5 Nxf3+ 17. gxf3 Be5 18. Qc1 Qc7 19. f4 Bxe4 20. Bxf6 Bxf4 21.
Rxe4 Bxc1 22. Rg4 Rfe8 23. Bxg7 Qd7 24. Bf6+ Kf8 25. Bg7+ Kg8 1/2-1/2

[Event "2013 Calgary International"]
[Site "Calgary"]
[Date "2013.05.15"]
[Round "2"]
[White "Kostadinov, Georgi"]
[Black "Jayakumar, Adarsh"]
[Result "0-1"]
[WhiteElo "2082"]
[BlackElo "2336"]
[PlyCount "64"]
[EventDate "2013.05.14"]
[EventType "swiss"]
[EventRounds "9"]
[EventCountry "CAN"]
[TimeControl "5400"]

1. d4 d5 2. c4 e6 3. Nf3 c6 4. g3 f5 5. Bg2 Nf6 6. O-O Bd6 7. b3 Qe7 8. Bb2 O-O
9. a3 b6 10. Ne5 a5 11. Nd2 Bb7 12. e3 Na6 13. Qe2 Rac8 14. Rfc1 c5 15. cxd5
exd5 16. Bh3 g6 17. Bf1 Nc7 18. Qd1 Ne6 19. Ndf3 Ne4 20. Bb5 Rc7 21. Nd3 Rfc8
22. dxc5 bxc5 23. Nfe5 N6g5 24. f3 Nh3+ 25. Kg2 Nhf2 26. Qc2 Nxd3 27. Nxd3 c4
28. fxe4 Qxe4+ 29. Kf2 cxd3 30. Qxd3 Rc2+ 31. Ke1 Qh1+ 32. Qf1 Qxh2 0-1

[Event "2013 Calgary International"]
[Site "Calgary"]
[Date "2013.05.15"]
[Round "2"]
[White "So, Wesley"]
[Black "Mikhalevski, Victor"]
[Result "1-0"]
[WhiteElo "2701"]
[BlackElo "2551"]
[PlyCount "99"]
[EventDate "2013.05.14"]
[EventType "swiss"]
[EventRounds "9"]
[EventCountry "CAN"]
[TimeControl "5400"]

1. d4 Nf6 2. c4 g6 3. Nc3 d5 4. Nf3 Bg7 5. Qa4+ Bd7 6. Qb3 dxc4 7. Qxc4 O-O 8.
Bf4 Na6 9. e4 c5 10. e5 Be6 11. exf6 Bxc4 12. fxg7 Kxg7 13. Bxc4 cxd4 14. Rd1
Qa5 15. Be5+ f6 16. Bxd4 Rfd8 17. O-O e5 18. Be3 Rxd1 19. Rxd1 Rd8 20. Rc1 Nb4
21. Ne4 Nxa2 22. Re1 Nb4 23. Nc5 Nc2 24. Nxb7 Qb4 25. Nxd8 Qxc4 26. Rc1 Qd5 27.
Ne6+ Kf7 28. Bd2 Qb3 29. Nd8+ Ke8 30. Nb7 Qxb2 31. Nd6+ Ke7 32. Nc4 Qa2 33. Ne3
Nxe3 34. Bxe3 a5 35. Nd2 a4 36. h4 Qd5 37. Rc5 Qd3 38. Ra5 Qc2 39. Kh2 h5 40.
f3 Qd3 41. Bh6 Qd4 42. Ne4 Qb4 43. Bd2 Qd4 44. Bc3 Qe3 45. Bd2 Qd4 46. Be1 Kf7
47. Bf2 Qb4 48. Ra7+ Ke8 49. Nxf6+ Kd8 50. Ra8+ 1-0